| 000 | 01677nam a2200289 4500 | ||
|---|---|---|---|
| 999 |
_c56787 _d56787 |
||
| 001 | RU\PGU\BOOKS\9085 | ||
| 005 | 20190423103832.0 | ||
| 008 | 190423s2007 ru ||||| |||| 00| 0 rus d | ||
| 020 |
_a9785222110973 _a978-5-938-35217-9 |
||
| 040 | _a1901371X | ||
| 041 | _arus | ||
| 090 |
_a1914410 _fБ-ка I-1914411; 1914412; 1914413; 1914414 |
||
| 091 | _aХ620 | ||
| 091 | _a74.58 | ||
| 091 | _a378 | ||
| 100 |
_aКруглов, В.И. _9371 |
||
| 245 |
_aПрава студента : _hТекст / _cВ. И. Круглов. |
||
| 260 |
_aРостов н/Д; СПб : _bФеникс: Северо-Запад, _c2007. |
||
| 300 | _a188 с. | ||
| 500 | _a3000 экз. | ||
| 520 | _aКак выяснить, имеет ли выбранный Вами вуз все необходимые документы и лицензии? Как избежать "подводных камней" при заключении с вузом договора на обучение? Как правильно оформить академический отпуск? Как прописаться в общежитии? Какие существуют возможности пересдачи экзаменов и зачетов. Как правильно оформить жалобу в деканат и выше? На эти и многие иные вопросы призвана ответить данная книга. | ||
| 521 | 0 | _aДля студентов, учащихся и их родителей. | |
| 653 | _aსამართალი | ||
| 653 | _aსტუდენტური სამართალი | ||
| 876 | _p3000086712 | ||
| 942 |
_2udc _cBK |
||